书目信息 |
| 题名: |
地下建筑暖通空调设计手册
|
|
| 作者: | 《地下建筑暖通空调设计手册》编写组编著 | |
| 分册: | ||
| 出版信息: | 北京 中国建筑工业出版社 1983 |
|
| 页数: | 523页 | |
| 开本: | 25cm | |
| 丛书名: | ||
| 单 册: | ||
| 中图分类: | TU831 | |
| 科图分类: | ||
| 主题词: | 地下建筑物-空气调节设备--设计 , 空气调节设备-地下建筑物--设计 , 建筑--空气调节 , 房屋建筑设备:空气调节设备 , 房屋建筑设备:采暖设备 , 建筑--通风 , 房屋建筑设备:通风设备 | |
| 电子资源: | ||
| ISBN: | ||
| 000 | 00867nam0 2200289 45 | |
| 001 | 0183005123 | |
| 005 | 20061127092159.20 | |
| 010 | @dCNY3.90 | |
| 091 | @a15040.4385 | |
| 100 | @a19950606d1983 em y0chiy0121 ea | |
| 101 | 0 | @achi |
| 102 | @aCN@b110000 | |
| 105 | @ay z 000yy | |
| 200 | 10 | @a地下建筑暖通空调设计手册@Adi xia jian zhu nuan tong kong tiao she ji shou ce@f《地下建筑暖通空调设计手册》编写组编著 |
| 210 | @a北京@c中国建筑工业出版社@d1983 | |
| 215 | @a523页@d25cm | |
| 606 | @a地下建筑物-空气调节设备@x设计 | |
| 606 | @a空气调节设备-地下建筑物@x设计 | |
| 606 | 0 | @a建筑@x空气调节 |
| 606 | 0 | @a房屋建筑设备:空气调节设备 |
| 606 | 0 | @a房屋建筑设备:采暖设备 |
| 606 | 0 | @a建筑@x通风 |
| 606 | 0 | @a房屋建筑设备:通风设备 |
| 690 | @aTU831@v3 | |
| 801 | 0 | @aCN@bTSSF@c20061127 |
| 801 | 2 | @aCN@bNLC@c20060816 |
| 905 | @a10447@dTU831@e122 | |
| 地下建筑暖通空调设计手册/《地下建筑暖通空调设计手册》编写组编著.-北京:中国建筑工业出版社,1983 |
| 523页;25cm |
| ISBN :CNY3.90 |
| ● |
| 相关链接 |
|
|
|
|
正题名:地下建筑暖通空调设计手册
索取号:TU831/122
 
预约/预借
| 序号 | 登录号 | 条形码 | 馆藏地/架位号 | 状态 | 备注 |
| 1 | 0158511 | 001651108 | 第二样本阅览室/ [索取号:TU831/122] | 在馆 |